00622nam a22002057a 45000010005000000030006000050050017000110080041000280200018000690400029000870500008001161000016001242450038001402600044001783000060002225050008002825200076002905210030003665210020003967735FISKH20250801144243.0250801b cb ||||| |||| 00| 0 eng d a9781855341517 aFISKHbengcFISKHdFISKH aPZ7 aCramer, Rie aThe snow queen / cBy Rie Cramer  aScotland : bGeddes & Grosset , c1995. a31 unnumbered pages : bcolor illustrations ;c25 cm .  aJ  aA charming, short retelling of Hans Christian Andersen's famous story."8 a500 bLexile estimate 8 aJ bRaz-Plus